00575 2200205 4500001002100000005001500021035002000036008004100056041000700097082001400104090001400118245008500132260003000217300003400247650002400281084002000305250001000325110001200335990002200347INLIS00000000000154420260429033257 a0010-0321001544260429 | | ind  aid a63:331.36 a374/BAD/p1 aPedoman Penyelenggaraan Diklat Pertanian :bBuku 3 Pelaksanaan Diklat /cBPPSDMP aJakarta :bBPPSDMP,c2003 aiii, 27 hal. :bIlus ;c23 cm 4aPelaksanaaan diklat a63:331.36 BPP p aEd. 12 aBPPSDMP a5146/BPPSDMP/2026